| 000 | 01516namaa2200349 i 4500 | ||
|---|---|---|---|
| 003 | EG-GICUC | ||
| 005 | 20260506114454.0 | ||
| 008 | 260506s1987 ua ||||gr|||| 000 0 ara d | ||
| 040 |
_aEG-GiCUC _bara _cEG-GiCUC _dEG-GiCUC _erda |
||
| 043 | _af-ua--- | ||
| 082 | 0 | 4 |
_221 _a911.62 _bM2978 1987 |
| 092 | 0 | 4 |
_221 _a911.62 _bM2978 1987 |
| 099 | _a911.62 M2978 1987 | ||
| 100 | 1 |
_aالمقريزى، احمد بن على، _d1364-1442 _eمؤلف. |
|
| 245 | 1 | 0 |
_aكتاب المواعظ والاعتبار بذكر الخطط والاثار : _bالمعروف بالخطط المقريزية / _cتأليف تقى الدين ابى العباس احمد بن على المقريزى. |
| 246 | 1 | 0 | _aالخطط المقريزية. |
| 246 | 3 | 0 | _aالمواعظ والاعتبار بذكر الخطط والاثار. |
| 250 | _aالطبعة الثانية. | ||
| 264 |
_aالقاهرة : _bمكتبة الثقافة الدينية، _c1987. |
||
| 300 |
_a2 مجلد ؛ _c29 سم _bإيضاحيات، صور، مثيليات ؛ Illustrations |
||
| 336 |
_2rdacontent _atext |
||
| 337 |
_2rdamedia _aUnmediated |
||
| 338 |
_2rdacarrier _avolume |
||
| 504 | _a. | ||
| 541 |
_aد. جابر عصفور ؛ _bالقاهرة ؛ _cإهداء ؛ _d2024. |
||
| 650 | 1 | _2qrmak | |
| 651 | 1 |
_2qrmak _aمصر _xالاثار |
|
| 651 | 1 |
_2qrmak _aمصر _vالاعمال الاولية حتى 1800 _xالجغرافيا التاريخية |
|
| 651 | 1 |
_2qrmak _aمصر _xتاريخ. |
|
| 905 | _aAsmaa | ||
| 942 |
_2ddc _cREF _e21 _n0 |
||
| 999 |
_c180025 _d180025 |
||